Examining sociology (Record no. 11040)
[ view plain ]
| 000 -LEADER | |
|---|---|
| fixed length control field | 00224nam a22001097a 4500 |
| 040 ## - CATALOGING SOURCE | |
| Transcribing agency | 301 |
| 082 ## - DEWEY DECIMAL CLASSIFICATION NUMBER | |
| Classification number | 301 JAN 1980 C083 |
| 100 ## - MAIN ENTRY--AUTHOR NAME | |
| Personal name | JANE L. THOMPSON |
| 245 ## - TITLE STATEMENT | |
| Title | Examining sociology |
| 260 ## - PUBLICATION, DISTRIBUTION, ETC. (IMPRINT) | |
| Place of publication | Phnom Phen |
| 942 ## - ADDED ENTRY ELEMENTS (KOHA) | |
| Koha item type | សៀវភៅភាសាអង់គ្លេស |
| 952 ## - LOCATION AND ITEM INFORMATION (KOHA) | |
| Withdrawn status [LOCAL, KOHA] | 0 |
| Permanent Location | Date acquired | Koha item type | Lost status | Shelving location | Barcode | Current Location | Full call number |
|---|---|---|---|---|---|---|---|
| Library Block C | 2017-02-14 | សៀវភៅភាសាអង់គ្លេស | C189 | A05884 | Library Block C | 301 JAN 1980 C189 |